000 00503nam a2200181Ia 4500
999 _c1787
_d1787
003 OSt
005 20200925143622.0
008 190216s9999||||xx |||||||||||||| ||und||
020 _a9780719537837
040 _coclc
082 _a574
_bMAC/L
100 _aMackean, D G
_95025
245 0 _aLife Study A Textbook Of Biology /
_cD G Mackean
260 _bJohn Murray Publishers,
_aLondon:
_c1981.
300 _a266p
650 _aBotany
942 _cBK
_2ddc
_h574
_iMAC/L
_k574
_mMAC/L